مكتبة جامعة عجلون الوطنية

فهرس بحث المكتبة

Normal view MARC view
  • القدس العثمانية-المسوقيون -تراجم-فلسطين-تاريخ -العثماني

Entry Topical Term

Number of records used in: 1

001 - CONTROL NUMBER

  • control field: 49943

003 - CONTROL NUMBER IDENTIFIER

  • control field: JO-AjAnu

005 - DATE AND TIME OF LATEST TRANSACTION

  • control field: 20230606082227.0

008 - FIXED-LENGTH DATA ELEMENTS

  • fixed length control field: 230606|| aca||aabn | a|a d

040 ## - CATALOGING SOURCE

  • Original cataloging agency: JO-AjAnu
  • Transcribing agency: JO-AjAnu

150 ## - HEADING--TOPICAL TERM

  • Topical term or geographic name entry element: القدس العثمانية-المسوقيون -تراجم-فلسطين-تاريخ -العثماني

670 ## - SOURCE DATA FOUND

  • Source citation: Work cat.: (JO-AjAnu)25536: نصار، عصام محرر ومقدم؛ تماري,سليم محرر ومقدم, author 49942, القدس العثمانية في المذكرات الجوهرية =الكتاب الأول من المذكرات الموسيقي واصف الجوهرية 1904-1917